Bible for toddlers. (Record no. 112487)
[ view plain ]
| 000 -LEADER | |
|---|---|
| fixed length control field | 00265nam a2200109 a 4500 |
| 005 - DATE AND TIME OF LATEST TRANSACTION | |
| control field | 20140414131937.0 |
| 008 - FIXED-LENGTH DATA ELEMENTS--GENERAL INFORMATION | |
| fixed length control field | 110125s19uu xx 00 eng d |
| 050 ## - LIBRARY OF CONGRESS CALL NUMBER | |
| Classification number | M 220.9 |
| Item number | K93 1995 |
| 100 ## - MAIN ENTRY--PERSONAL NAME | |
| Personal name | Kryszewski, Randy |
| 245 ## - TITLE STATEMENT | |
| Title | Bible for toddlers. |
| Withdrawn status | Lost status | Damaged status | Home library | Current library | Shelving location | Date acquired | Total Checkouts | Full call number | Barcode | Date last seen | Price effective from | Koha item type |
|---|---|---|---|---|---|---|---|---|---|---|---|---|
| Munich Library | Munich Library | Main Section | 01/25/2011 | M 220.9 K93 1995 | M3796 | 04/14/2014 | 04/14/2014 | Books |